00488nas a2200229 4500000000100000008004100001260001300042653001500055653001000070653001100080653001300091653001400104653001100118653001200129653000900141653000900150100001600159245005200175300001000227490000700237022001400244 2001 d c2001 Jan10aAdolescent10aAdult10aBiopsy10aDeafness10aExanthema10aHumans10aleprosy10aMale10aSkin1 aSalvadori M00aIndex of suspicion. Case 2. Diagnosis: Leprosy. a22-310 v22 a1526-3347